000 00500nam a22001697a 4500
999 _c62233
_d62233
005 20240827113402.0
008 240827c2001 enk||||| |||| 00| 0 eng d
022 _a0021 8774
041 _aeng
245 _aThe Journal of Analytical Psychology /
_cEditor P. G. Goldreich.
260 _aMalden,
_c2001.
300 _aV.
653 _aფსიქოლოგია
653 _aპერიოდიკა
700 _aGoldreich, P. G.
_eრედაქტორი
_923130
942 _2udc
_cCR